000 00694nam a2200229Ia 4500
005 20250508165501.0
008 008 250505s9999 xx 000 0 eng d
020 _a978-81-315-0822-0
037 _aTextual
040 _aFEDL
_beng
_cFEDL
041 _aeng
_2eng
084 _a323.4, RAT
_qFEDL
100 _aRathore Aakash Singh Ed.
245 0 _aWronging rights?: Philosophical challenges for human rights
260 _aNew Delhi, India
_bRoutledge
_c2011
300 _a216p.
365 _aINR
_b695
490 _aEthics, Human Rights and Global Political Thoutht
700 _a Cistelecan Alex Ed.
_9780977
942 _cTEXL
_h323.4, RAT
999 _c1395361
_d1395361